Diccionario de Ciencias Históricas / (Record no. 94420)

MARC details
000 -LEADER
campo de control de longitud fija 00871cam a2200217 i 4500
001 - NÚMERO DE CONTROL
campo de control 117444
005 - FECHA Y HORA DE LA ÚLTIMA TRANSACCIÓN
campo de control 20230410142352.0
008 - DATOS DE LONGITUD FIJA--INFORMACIÓN GENERAL
campo de control de longitud fija 140902s1991 sp b 001 0 spa |
050 14 - SIGNATURA TOPOGRÁFICA DE LA BIBLIOTECA DEL CONGRESO
Número de clasificación
Número de ítem
100 1# - ENTRADA PRINCIPAL--NOMBRE DE PERSONA
Nombre de persona Burguière, André.
245 00 - MENCIÓN DEL TÍTULO
Título Diccionario de Ciencias Históricas /
Mención de responsabilidad, etc. André Burguière.
260 ## - PUBLICACIÓN, DISTRIBUCIÓN, ETC.
Lugar de publicación, distribución, etc. Madrid :
Nombre del editor, distribuidor, etc. Akal ,
Fecha de publicación, distribución, etc. 1991.
300 ## - DESCRIPCIÓN FÍSICA
Extensión 702 p. ;
Dimensiones 25 cm.
440 #0 - MENCIÓN DE SERIE/PUNTO DE ACCESO ADICIONAL--TÍTULO
Título Serie Diccionarios 6.
490 1# - MENCIÓN DE SERIE
Mención de serie Serie Diccionarios 6.
500 ## - NOTA GENERAL
Nota general Incluye índice.
504 ## - NOTA DE BIBLIOGRAFÍA, ETC.
Nota de bibliografía, etc. Incluye bibliografía.
520 ## - RESUMEN, ETC.
Sumario, etc. Hoy es consciente todo historiador de que el objeto de su diciplina no es el pasodo en sí mismo, sino aquello que, en las huellas que el paso nos deja, aún pueda responder a las cuestiones que hoy nos planteamos. Lo asignado a la historia no es, pues, "resurrección", sino una labor de comprensión.
942 ## - ELEMENTOS DE ENTRADA SECUNDARIOS (KOHA)
Fuente del sistema de clasificación o colocación Clasificación de Library of Congress
Tipo de ítem Koha
946 ## - PROCESAMIENTO DE INFORMACIÓN LOCAL (OCLC)
a DGG.
Holdings
Estatus retirado Estado de pérdida Fuente del sistema de clasificación o colocación Estado de daño No para préstamo Colección Biblioteca de origen Biblioteca actual Ubicación en estantería Fecha de adquisición Signatura topográfica completa Código de barras Visto por última vez Copia número Tipo de ítem Koha
    Clasificación de Library of Congress     Oficina Leonel Fernández Biblioteca Juan Bosch Biblioteca Juan Bosch Colección 6to. Piso 10/04/2023 00000110664 17/11/2018 1